| 000 | 00436nam a2200181Ia 4500 | ||
|---|---|---|---|
| 005 | 20240402052835.0 | ||
| 008 | 240331s9999 xx 000 0 und d | ||
| 020 | _a08512914 | ||
| 082 |
_bIDE _a330 |
||
| 100 | _aICES | ||
| 245 | 0 | _aIdentity culture politics | |
| 260 |
_aBangladesh : _bICES and CODESRIA / _c2001. |
||
| 300 | _avii, 172 p., | ||
| 650 | _aCulture | ||
| 650 | _apolitics | ||
| 700 |
_aAhmed, Imtiaz _eedt |
||
| 942 | _cL | ||
| 999 |
_c4962 _d4962 |
||